21世紀福岡ソフトバンクホークス開幕スタメン - Statistics

General Stats
  • This quiz has been taken 67 times
  • The average score is 178 of 260
Answer Stats
Answer % Correct
今宮健太
97%
柳田悠岐
97%
今宮健太
97%
柳田悠岐
97%
柳田悠岐
97%
今宮健太
97%
柳田悠岐
97%
今宮健太
97%
2017 今宮健太
97%
柳田悠岐
97%
2018 今宮健太
97%
柳田悠岐
97%
今宮健太
97%
柳田悠岐
97%
柳田悠岐
97%
今宮健太
97%
今宮健太
97%
柳田悠岐
97%
今宮健太
97%
柳田悠岐
97%
柳田悠岐
97%
今宮健太
97%
今宮健太
97%
柳田悠岐
97%
柳田悠岐
97%
今宮健太
97%
柳田悠岐
97%
今宮健太
97%
甲斐拓也
94%
甲斐拓也
94%
甲斐拓也
94%
甲斐拓也
94%
甲斐拓也
94%
甲斐拓也
94%
甲斐拓也
94%
城島健司
91%
城島健司
91%
城島健司
91%
城島健司
91%
城島健司
91%
松田宣浩
91%
松田宣浩
91%
松田宣浩
91%
松田宣浩
91%
松田宣浩
91%
松田宣浩
91%
松田宣浩
91%
松田宣浩
91%
松田宣浩
91%
松田宣浩
91%
松田宣浩
91%
松田宣浩
91%
松田宣浩
91%
松田宣浩
91%
松田宣浩
91%
松田宣浩
91%
山川穂高
91%
山川穂高
91%
山川穂高
91%
近藤健介
89%
近藤健介
89%
有原航平
89%
近藤健介
89%
有原航平
89%
近藤健介
89%
2019 牧原大成
86%
栗原陵矢
86%
牧原大成
86%
2021 周東佑京
86%
栗原陵矢
86%
栗原陵矢
86%
2023 牧原大成
86%
栗原陵矢
86%
2024 周東佑京
86%
栗原陵矢
86%
牧原大成
86%
2025 周東佑京
86%
2026 周東佑京
86%
栗原陵矢
86%
牧原大成
86%
小久保裕紀
83%
松中信彦
83%
小久保裕紀
83%
松中信彦
83%
松中信彦
83%
松中信彦
83%
松中信彦
83%
松中信彦
83%
松中信彦
83%
小久保裕紀
83%
松中信彦
83%
杉内俊哉
83%
松中信彦
83%
小久保裕紀
83%
小久保裕紀
83%
杉内俊哉
83%
小久保裕紀
83%
松中信彦
83%
松中信彦
83%
小久保裕紀
83%
上沢直之
83%
斉藤和巳
80%
斉藤和巳
80%
斉藤和巳
80%
斉藤和巳
80%
デスパイネ
80%
デスパイネ
80%
デスパイネ
80%
デスパイネ
80%
井口資仁
77%
井口資仁
77%
川崎宗則
77%
井口資仁
77%
川崎宗則
77%
井口資仁
77%
川崎宗則
77%
川崎宗則
77%
2008 川崎宗則
77%
川崎宗則
77%
川崎宗則
77%
2011 川崎宗則
77%
中村晃
77%
中村晃
77%
中村晃
77%
中村晃
77%
中村晃
77%
中村晃
77%
中村晃
77%
中村晃
77%
和田毅
74%
本多雄一
74%
2009 本多雄一
74%
和田毅
74%
2010 本多雄一
74%
本多雄一
74%
和田毅
74%
2012 本多雄一
74%
2013 本多雄一
74%
2014 本多雄一
74%
2015 本多雄一
74%
本多雄一
74%
本多雄一
74%
和田毅
74%
本多雄一
74%
千賀滉大
74%
千賀滉大
74%
千賀滉大
74%
ズレータ
71%
ズレータ
71%
ズレータ
71%
長谷川勇也
71%
長谷川勇也
71%
長谷川勇也
71%
長谷川勇也
71%
長谷川勇也
71%
長谷川勇也
71%
海野隆司
71%
カブレラ
69%
カブレラ
69%
カブレラ
69%
東浜巨
69%
内川聖一
66%
内川聖一
66%
内川聖一
66%
内川聖一
66%
内川聖一
66%
内川聖一
66%
内川聖一
66%
内川聖一
66%
内川聖一
66%
柳町達
66%
李大浩
63%
李大浩
63%
グラシアル
63%
グラシアル
63%
グラシアル
63%
2001 柴原洋
60%
2002 柴原洋
60%
2004 柴原洋
60%
柴原洋
60%
柴原洋
60%
柴原洋
60%
柴原洋
60%
鶴岡慎也
60%
鶴岡慎也
60%
上林誠知
60%
上林誠知
60%
上林誠知
60%
2020 上林誠知
60%
上林誠知
60%
細川亨
57%
細川亨
57%
攝津正
57%
細川亨
57%
攝津正
57%
攝津正
57%
攝津正
57%
攝津正
57%
谷川原健太
57%
2003 村松有人
54%
アストゥディーヨ
54%
多村仁志
51%
多村仁志
51%
多村仁志
51%
多村仁志
51%
バレンティン
51%
2022 三森大貴
51%
石川柊太
49%
ダウンズ
49%
鳥越裕介
46%
鳥越裕介
46%
2005 大村直之
46%
2006 大村直之
46%
鳥越裕介
46%
2007 大村直之
46%
田上秀則
46%
明石健志
46%
明石健志
46%
大関友久
46%
正木智也
40%
正木智也
40%
リチャード
40%
オーティズ
37%
ラヘア
37%
バルデス
34%
バルデス
34%
バルデス
34%
バルデス
34%
高谷裕亮
34%
ペーニャ
34%
ペーニャ
34%
2016 福田秀平
34%
高谷裕亮
34%
ウォーカー
34%
秋山幸二
31%
山崎勝己
31%
バティスタ
29%
本間満
29%
本間満
29%
的場直樹
23%
的場直樹
23%
大道典嘉
20%
田之上慶三郎
17%
宮地克彦
17%
宮地克彦
17%
斐紹
17%
李杋浩
14%
レストビッチ
11%
ブキャナン
9%
アギーラ
9%
西村龍次
6%
吉本亮
6%
ミッチェル
3%
大野倫
3%
バークハート
3%
ネルソン
3%
高橋和幸
3%
井手正太郎
3%
井手正太郎
3%
中西健太
3%
No matching quizzes found
Score Distribution
Percent of People with Each Score
Percentile by Number Answered
Your Score History
You have not taken this quiz